Sihirli balerin: (Kayıt no. 23498)

MARC ayrıntıları
000 -BAŞLIK
Sabit Uzunluktaki Kontrol Alanı 00645nam a22002057a 4500
003 - KONTROL NUMARASI KİMLİĞİ
Kontrol Alanı koha_MIRAKIL
005 - EN SON İŞLEM TARİHİ ve ZAMANI
Kontrol Alanı 20260416101528.0
008 - SABİT UZUNLUKTAKİ VERİ ÖGELERİ - GENEL BİLGİ
Sabit Alan 260416b tur||||| |||| 00| 0 tur d
020 ## - ISBN - ULUSLARARASI STANDART KİTAP NUMARASI
Isbn 9786054482122
040 ## - KATALOGLAMA KAYNAĞI
Özgün Kataloglama Kurumu TR-IsEVY
Kataloglama Dili tur
Çeviri Kurumu TR-IsEVY
082 ## - DEWEY ONU SINIFLAMA SİSTEMİ
Sınıflama Numarası FIC BUS/S
100 ## - KİŞİ ADI
Yazar Adı (Kişi adı) Bussell, Darcey
245 #0 - ESER ADI BİLDİRİMİ
Başlık Sihirli balerin:
Alt Eseradı vb. Defne ve cam ayakkabılar /
Sorumluluk Bildirimi Darcey Bussell ; çizimler Katie May.
260 ## - YAYIN, DAĞITIM, VB.
Yayın Yeri İstanbul :
Yayınevi Artemis Yayınları,
Yayın Tarihi 2011.
300 ## - FİZİKSEL TANIMLAMA
Sayfa, Cilt vb. 96 s. :
Diğer fiziki detaylar resimli ;
Boyutları 20 cm.
490 0# - DİZİ BİLDİRİMİ
Dizi Bildirimi Sihirli Balerin ; 4.
650 ## - KONU BAŞLIĞI EK GİRİŞ - KONU TERİMİ
Konusal terim veya coğrafi ad Çocuk edebiyatı.
Alt başlık biçimi Çocuk Romanı.
700 1# - EK GİRİŞ - KİŞİ ADI
Yazar Adı (Kişi adı) May, Katie.
Ünvan resimleyen.
942 ## - EK GİRİŞ ÖGELERİ (KOHA)
Source of classification or shelving scheme Dewey Decimal Classification
Koha item type Kitap
Mevcut
Kayıp Durumu Sınıflandırma Kaynağı Hasarlı Durumu Koleksiyon Kodu Kalıcı Konum Mevcut Konum Kayıt Tarih Edinim Kaynağı Toplam Ödünçverme Yer Numarası Demirbaş Numarası Son Görülme Tarihi Fatura Tarihi Materyal Türü
  Dewey Decimal Classification   İlkokul İLKOKUL KÜTÜPHANESİ İLKOKUL KÜTÜPHANESİ 16/04/2026 Bağış   FIC BUS/S 25109 16/04/2026 16/04/2026 Kitap